Measuring student knowledge and skills <the> Pisa 2000 assessment of reading, mathematical and scientific literacy

Salvato in:
Dettagli Bibliografici
Natura: Libro
Lingua:inglese
Pubblicazione: Paris OECD 2000
Serie:Education and skills
Soggetti:
Tags: Aggiungi Tag
Nessun Tag, puoi essere il primo ad aggiungerne!!

MARC

LEADER 00000nam a2200000 4500
001 c122001
005 20221108080718.1
020 |a 92-64-17646-2 
041 0 |a eng 
044 |a FR 
245 1 0 |a Measuring student knowledge and skills  |b <the> Pisa 2000 assessment of reading, mathematical and scientific literacy 
264 1 |a Paris  |b OECD  |c 2000 
300 |a 104 s. 
490 1 |a Education and skills 
830 0 |a Education and skills 
610 2 0 |a študenti 
610 2 0 |a vzdelanosť 
610 2 0 |a hodnotenie pracovné 
610 2 0 |a matematika 
610 2 0 |a vedomosti 
610 2 0 |a gramotnosť 
610 2 0 |a OECD